000 01282nam a2200289 a 4500
003 OSt
005 20240118143457.0
007 cr ||||||a|c|a
008 240116s2023 mx a|||fom||| 001 0 spa d
040 _erda
100 1 _9188479
_aMiranda Rojas, José Antonio
245 1 _aAgricultura de temporal en el estado de Durango, México:
_bPronostico de rendimiento mediante uso de modelo hidrológico calibrado con datos observados /
_cJosé Antonio Miranda Rojas;director de tesis Aurelio Pedraza Sandoval
264 _aChapingo, México :
_bEl autor,
_c2023.
300 _a1 recurso en línea (94 páginas).
_bfiguras y cuadros..
336 _2rdacontent
_atexto
_btxt
337 _2rdamedia
_acomputadora
_bc
338 _2rdacarrier
_arecurso en línea
_bcr
502 _bISA
_cURUZA
_d2023.
_gLIC
504 _aIncluye referencias bibliográficas: páginas 26-28
650 4 _971051
_aMaíz
_xRendimiento
650 4 _9108714
_aSorgo
_xRendimiento
650 4 _967320
_aLluvia
_xEfecto en agricultura
650 4 _967326
_aLluvia
_xModelos matemáticos
700 1 _9188480
_aPedraza Sandoval, Aurelio
_eDirector de tesis
856 _uhttp://10.13.5.2/tesis/tl/1611610-2_MIRANDA_ROJAS_JOSEANTONIO.pdf
_zDESCARGAR PDF
942 _2Clasificación Universidad Autónoma Chapingo
_cTD
999 _c219537
_d219537